<?xml version="1.0" encoding="UTF-8"?>
<collection xmlns="http://www.loc.gov/MARC21/slim">
 <record>
  <leader>00674pamaa2200181   4500</leader>
  <controlfield tag="001">0000006519</controlfield>
  <controlfield tag="005">20110201090000.0</controlfield>
  <controlfield tag="008">110201                             eng  </controlfield>
  <datafield tag="020" ind1="0" ind2="0">
   <subfield code="a">9789675264030 (pbk.) </subfield>
  </datafield>
  <datafield tag="090" ind1="0" ind2="0">
   <subfield code="a">NA1525 </subfield>
   <subfield code="b">SHA 2010</subfield>
  </datafield>
  <datafield tag="245" ind1="1" ind2="0">
   <subfield code="a">Shapers of modern Malaysia : </subfield>
   <subfield code="b">the lives and works on the PAM Gold Medallists  </subfield>
   <subfield code="c">essays by Ngiom, Jasmeet Singh Sidhu, Ahmad Najib Ariffin.</subfield>
  </datafield>
  <datafield tag="260" ind1="0" ind2="0">
   <subfield code="a">[Kuala Lumpur]: </subfield>
   <subfield code="b">Pertubuhan Akitek Malaysia, </subfield>
   <subfield code="c">2010.</subfield>
  </datafield>
  <datafield tag="300" ind1=" " ind2=" ">
   <subfield code="a">194 p.: </subfield>
   <subfield code="b">ill. (chiefly col.); </subfield>
   <subfield code="c">29 cm.</subfield>
  </datafield>
  <datafield tag="500" ind1="0" ind2="0">
   <subfield code="a">Includes index</subfield>
  </datafield>
  <datafield tag="650" ind1="0" ind2="0">
   <subfield code="a">Architecture -- </subfield>
   <subfield code="z">Malaysia </subfield>
  </datafield>
  <datafield tag="700" ind1="1" ind2="1">
   <subfield code="a">Lim, Teng Ngiom </subfield>
  </datafield>
  <datafield tag="710" ind1="1" ind2="1">
   <subfield code="a">Pertubuhan Akitek Malaysia (PAM) </subfield>
  </datafield>
  <datafield tag="901" ind1=" " ind2=" ">
   <subfield code="u">www.pam.org.my</subfield>
  </datafield>
 </record>
</collection>
